Google bigquery analytics (Record no. 4707)
[ view plain ]
| 000 -LEADER | |
|---|---|
| fixed length control field | 00600nam a22002297a 4500 |
| 003 - CONTROL NUMBER IDENTIFIER | |
| control field | OSt |
| 005 - DATE AND TIME OF LATEST TRANSACTION | |
| control field | 20220107122800.0 |
| 008 - FIXED-LENGTH DATA ELEMENTS--GENERAL INFORMATION | |
| fixed length control field | 150512b xxu||||| |||| 00| 0 eng d |
| 020 ## - INTERNATIONAL STANDARD BOOK NUMBER | |
| International Standard Book Number | 9788126551064 |
| 040 ## - CATALOGING SOURCE | |
| Transcribing agency | IIITMK |
| 082 ## - DEWEY DECIMAL CLASSIFICATION NUMBER | |
| Classification number | 006.8 TIG/ G |
| 100 ## - MAIN ENTRY--PERSONAL NAME | |
| Personal name | Tigani, Jordan |
| 9 (RLIN) | 6907 |
| 245 ## - TITLE STATEMENT | |
| Title | Google bigquery analytics |
| 300 ## - PHYSICAL DESCRIPTION | |
| Extent | xx, 508p. |
| 650 ## - SUBJECT ADDED ENTRY--TOPICAL TERM | |
| Topical term or geographic name entry element | WEB DEVELOPMENT |
| 9 (RLIN) | 6909 |
| 650 ## - SUBJECT ADDED ENTRY--TOPICAL TERM | |
| Topical term or geographic name entry element | APPLICATION DEVELOPMENT |
| 9 (RLIN) | 6910 |
| 650 ## - SUBJECT ADDED ENTRY--TOPICAL TERM | |
| Topical term or geographic name entry element | CLOUD APPLICATIONS |
| 9 (RLIN) | 6911 |
| 650 ## - SUBJECT ADDED ENTRY--TOPICAL TERM | |
| Topical term or geographic name entry element | |
| 9 (RLIN) | 6912 |
| 650 ## - SUBJECT ADDED ENTRY--TOPICAL TERM | |
| Topical term or geographic name entry element | BIGQUERY ANALYTICS |
| 9 (RLIN) | 6913 |
| 700 ## - ADDED ENTRY--PERSONAL NAME | |
| Personal name | Naidu, Siddartha |
| 9 (RLIN) | 6908 |
| 942 ## - ADDED ENTRY ELEMENTS (KOHA) | |
| Source of classification or shelving scheme | Dewey Decimal Classification |
| Koha item type | Books |
| Withdrawn status | Lost status | Source of classification or shelving scheme | Damaged status | Not for loan | Collection code | Home library | Current library | Shelving location | Date acquired | Cost, normal purchase price | Total Checkouts | Full call number | Barcode | Date last seen | Price effective from | Koha item type |
|---|---|---|---|---|---|---|---|---|---|---|---|---|---|---|---|---|
| Dewey Decimal Classification | Cloud Computing | Kerala University of Digital Sciences, Innovation and Technology Knowledge Centre | Kerala University of Digital Sciences, Innovation and Technology Knowledge Centre | Computer Science | 13/05/2015 | 674.00 | 006.8 TIG/ G | 4127 | 03/12/2020 | 13/05/2015 | Books |